Cartas de negocios de José Requejo / (Record no. 126578)

MARC details
000 -LEADER
campo de control de longitud fija 00618nam a2200205 4500
001 - NÚMERO DE CONTROL
campo de control 126578
003 - IDENTIFICADOR DE NÚMERO DE CONTROL
campo de control ES-MaACL
005 - FECHA Y HORA DE LA ÚLTIMA TRANSACCIÓN
campo de control 20250523062559.0
007 - CAMPO FIJO DE DESCRIPCIÓN FÍSICA--INFORMACIÓN GENERAL
campo de control de longitud fija t|
008 - DATOS DE LONGITUD FIJA--INFORMACIÓN GENERAL
campo de control de longitud fija 070214s1975 sp r ||||1| spa d
100 1# - ENTRADA PRINCIPAL--NOMBRE DE PERSONA
Nombre de persona Requejo, José.
9 (RLIN) 96282
245 10 - MENCIÓN DEL TÍTULO
Título Cartas de negocios de José Requejo /
Mención de responsabilidad, etc. editadas y presentadas por Agustín García Calvo.
250 ## - MENCION DE EDICION
Mención de edición 2ª ed. corr.
260 ## - PUBLICACIÓN, DISTRIBUCIÓN, ETC.
Lugar de publicación, distribución, etc. Madrid :
Nombre del editor, distribuidor, etc. Nostromo,
Fecha de publicación, distribución, etc. 1975.
300 ## - DESCRIPCIÓN FÍSICA
Extensión 254 p. ;
Dimensiones 19 cm.
700 1# - ENTRADA AGREGADA--NOMBRE PERSONAL
Nombre de persona García Calvo, Agustín,
Fechas asociadas al nombre 1926-2012
Término indicativo de función/relación Editor literario
9 (RLIN) 233841
852 ## - LOCALIZACIÓN
Ubicación ES-MaACL
Número de control de estantería E-8201
Sublocalización o colección R.92508
942 ## - ELEMENTOS DE ENTRADA SECUNDARIOS (KOHA)
Fuente del sistema de clasificación o colocación Clasificación decimal universal
Holdings
Estatus retirado Estado de pérdida Estado de daño No para préstamo Biblioteca de origen Biblioteca actual Ubicación en estantería Fecha de adquisición Fuente de adquisición Total de préstamos Signatura topográfica completa Código de barras Visto por última vez Precio de reemplazo Tipo de ítem Koha
        Biblioteca del Ateneo de Madrid Biblioteca del Ateneo de Madrid Depósito 2 17/01/2008     E-8201 1131840 23/02/2023 23/02/2023 Libro impreso